Μελέτη, κατασκευή και αξιολόγηση κράματος πηλού με υαλόθραυσμα : διπλωματική εργασία
Ο πηλός είναι ένα φυσικό υλικό με μια ιδιαίτερη δυνατότητα συγκριτικά με άλλα υλικά. Μπορεί να πάρει οποιαδήποτε μορφή θελήσει κανείς να του δώσει. Αξιοποιώντας αυτή την ιδιότητα τέθηκε ο στόχος μιας αισθητικής διαφοροποίησης σε κεραμικά διακοσμητικά αντικείμενα δίνοντας ένα διαφορετικό οπτικό και α...
Αποθηκεύτηκε σε:
| Κύριος συγγραφέας: | |
|---|---|
| Συγγραφή απο Οργανισμό/Αρχή: | |
| Μορφή: | Thesis Βιβλίο |
| Γλώσσα: | Greek |
| Δημοσίευση: |
2016.
|
| Θέματα: | |
| Διαθέσιμο Online: | http://hdl.handle.net/11610/17896 |
| Ετικέτες: |
Προσθήκη ετικέτας
Δεν υπάρχουν, Καταχωρήστε ετικέτα πρώτοι!
|
MARC
| LEADER | 00000cam a2200000 a 4500 | ||
|---|---|---|---|
| 001 | 1/113917 | ||
| 008 | 170512s2016####gr | ||| |||| ||gre|| | ||
| 040 | |a GR-MyUa |b gre |c GR-MyUa |e AACR2 | ||
| 041 | 0 | |a gre | |
| 082 | 7 | |a 738 |2 (23) | |
| 100 | 1 | |a Ξυνού, Μαρία-Ιωάννα. | |
| 245 | 1 | 0 | |a Μελέτη, κατασκευή και αξιολόγηση κράματος πηλού με υαλόθραυσμα : |b διπλωματική εργασία / |c Ξυνού Μαρία-Ιωάννα ; επιβλέπων καθηγητής Παπανίκος Παρασκευάς. |
| 260 | |c 2016. | ||
| 300 | |a 100 φύλλα : |b εικ. ; |c 30 εκ. | ||
| 502 | |a Πτυχιακή εργασία - Πανεπιστήμιο Αιγαίου, Σύρος, 2016. | ||
| 504 | |a Βιβλιογραφία: σ. 98-100. | ||
| 520 | 8 | |a Ο πηλός είναι ένα φυσικό υλικό με μια ιδιαίτερη δυνατότητα συγκριτικά με άλλα υλικά. Μπορεί να πάρει οποιαδήποτε μορφή θελήσει κανείς να του δώσει. Αξιοποιώντας αυτή την ιδιότητα τέθηκε ο στόχος μιας αισθητικής διαφοροποίησης σε κεραμικά διακοσμητικά αντικείμενα δίνοντας ένα διαφορετικό οπτικό και απτικό αποτέλεσμα. Η αξιοποίηση ενός υλικού που αποτελεί ρύπο για το περιβάλλον και η εξοικονόμηση του πηλού ως πρώτη ύλη, δίνει ένα βαθύτερο νόημα σε αυτήν την αισθητική προσέγγιση. Αυτές είναι οι αναγκαίες συνθήκες υπό τις οποίες διεξάγεται η μελέτη. Η πειραματική διαδικασία περιλαμβάνει δομικές με διάφορα ανακυκλώσιμα υλικά ώστε να αποφασιστεί το καταλληλότερο υλικό που επιτυγχάνει την ομοιογένεια του κράματος χωρίς να αλλοιώνει τις ιδιότητες του πηλού και να επηρεάζει αρνητικά το αποτέλεσμα. Ως βέλτιστη λύση βάσει των επιλεχθέντων υλικών αποφασίστηκε η μελέτη και κατασκευή ενός κράματος πηλού με υαλόθραυσμα. Στη συνέχεια κατασκευάζεται ένα σύνολο δοκιμίων τα οποία θα υποστούν τεστ αντοχής ώστε να μελετηθούν οι μηχανικές τους ιδιότητες. Τέλος, το αποτέλεσμα θα αξιολογηθεί και θα εφαρμοστεί σε ένα τελικό αντικείμενο για την επαλήθευση των αποτελεσμάτων της πειραματικής διαδικασίας και την αξιολόγηση των αρχικών στόχων. | |
| 650 | 0 | |a Dissertations, Academic |z Greece. | |
| 650 | 0 | |a Ceramics. | |
| 650 | 0 | |a Clay. | |
| 650 | 0 | |a Glazes. | |
| 700 | 1 | |a Παπανίκος, Παρασκευάς, |e dgs | |
| 710 | 2 | |a Πανεπιστήμιο Αιγαίου. |b Σχολή Θετικών Επιστημών. |b Τμήμα Μηχανικών Σχεδίασης Προϊόντων και Συστημάτων. | |
| 852 | |a INST |b SYROS |c DIATR |e 20170512 |h 738 ΞΥΝ |p 005500013040 |q 005500013040 |t DIE |y 23 | ||
| 856 | |u http://hdl.handle.net/11610/17896 | ||
| 924 | |a Ξυνού |b Μαρία-Ιωάννα |y Σύρος |z 2016-06 | ||
| 970 | |a Κοντού |b Παρασκευή |z 12/05/2017 | ||